书目信息 |
| 题名: |
新英汉眼科词汇
|
|
| 作者: | 刘汉生 主编 | |
| 分册: | ||
| 出版信息: | 北京 科学出版社 1998.06 |
|
| 页数: | 451页 | |
| 开本: | 32开 | |
| 丛书名: | ||
| 单 册: | ||
| 中图分类: | R77-61 | |
| 科图分类: | ||
| 主题词: | 眼科学 | |
| 电子资源: | ||
| ISBN: | 7-03-006274-4 | |
| 000 | 00545nam0 2200193 45 | |
| 001 | 0009051623 | |
| 005 | 20000905164615.9 | |
| 010 | @a7-03-006274-4@d36.00元 | |
| 100 | @a20000905d1998 km y0chiy0120 ea | |
| 101 | 0 | @achi |
| 105 | @a z 000yy | |
| 200 | 1 | @a新英汉眼科词汇@AXin Ying Han Yan Ke Ci Hui@f刘汉生主编@FLiu Han Sheng Zhu Bian |
| 210 | @a北京@c科学出版社@d1998.06 | |
| 215 | @a451页@d32开 | |
| 606 | 0 | @a眼科学 |
| 690 | @aR77-61@v3 | |
| 701 | 0 | @a刘汉生@4主编 |
| 801 | @aCN@bPftUser@c20000905 | |
| 905 | @b121069-070@dR77-61@eL784@f2 | |
| 新英汉眼科词汇/刘汉生主编.-北京:科学出版社,1998.06 |
| 451页;32开 |
| ISBN 7-03-006274-4:36.00元 |
| ● |
| 相关链接 |
|
|
|
正题名:新英汉眼科词汇
索取号:R77-61/L784
 
预约/预借
| 序号 | 登录号 | 条形码 | 馆藏地/架位号 | 状态 | 备注 |
| 1 | 121069 | 201210698 | 自科库401/401自科库 22排1列1层/ [索取号:R77-61/L784] | 在馆 | |
| 2 | 121070 | 201210705 | 自科库401/401自科库 22排1列1层/ [索取号:R77-61/L784] | 在馆 |